|
|
|
|
| LEADER |
00000nam0a2200000 4500 |
| 001 |
174438 |
| 005 |
20231101223148.0 |
| 010 |
|
|
|a 5982984442
|
| 035 |
|
|
|a (RuTPU)RU\TPU\book\189164
|
| 090 |
|
|
|a 174438
|
| 100 |
|
|
|a 20100127d2009 m y0rusy50 ca
|
| 101 |
0 |
|
|a rus
|
| 102 |
|
|
|a RU
|
| 105 |
|
|
|a a j 001zy
|
| 200 |
1 |
|
|a Технология подготовки воды для контуров котлов, парогенераторов, реакторов и систем их обеспечения
|e учебное пособие для вузов
|f Л. Л. Любимова, А. С. Заворин, А. А. Макеев
|g Томский политехнический университет (ТПУ)
|
| 210 |
|
|
|a Томск
|c Изд-во ТПУ
|d 2009
|
| 215 |
|
|
|a 293 с.
|c ил.
|
| 320 |
|
|
|a Библиогр.: с. 283-286.
|
| 330 |
|
|
|a Учебное пособие содержит сведения об основных способах обработки воды для заполнения и подпитки контуров ТЭС и АЭС, промышленно-отопительных котельных и обработки радиоактивных вод. Приведены принципиальные схемы водоочисток, в том числе состав спецводоочисток на АЭС с реакторами ВВЭР и РБМК, с обоснованием их выбора на основе характера водоисточника, источника загрязнения теплоносителя, его солесодержания и уровня активности и достигаемыми показателями качества водного теплоносителя на каждой ступени обработки. Излагаются вопросы методологии проектирования и методики инженерных расчетов схем ВПУ.
|
| 452 |
|
1 |
|0 (RuTPU)RU\TPU\book\259250
|t Технология подготовки воды для контуров котлов, парогенераторов, реакторов и систем их обеспечения
|o учебное пособие
|f Л. Л. Любимова, А. С. Заворин, А. А. Макеев
|g Национальный исследовательский Томский политехнический университет (ТПУ)
|c Томск
|n Изд-во ТПУ
|d 2009
|a Любимова, Людмила Леонидовна
|
| 606 |
1 |
|
|a Вода питательная
|x Подготовка
|x Котельные
|2 stltpush
|3 (RuTPU)RU\TPU\subj\38234
|9 58888
|
| 610 |
1 |
|
|a ТЭС
|
| 610 |
1 |
|
|a тепловые электрические станции
|
| 610 |
1 |
|
|a АЭС
|
| 610 |
1 |
|
|a атомные электростанции
|
| 610 |
1 |
|
|a подпиточная вода
|
| 610 |
1 |
|
|a обработка
|
| 610 |
1 |
|
|a коагуляция
|
| 610 |
1 |
|
|a электрокоагуляция
|
| 610 |
1 |
|
|a умягчение
|
| 610 |
1 |
|
|a фильтрование
|
| 610 |
1 |
|
|a ионирование
|
| 610 |
1 |
|
|a очистка
|
| 610 |
1 |
|
|a мембранные методы
|
| 610 |
1 |
|
|a дистилляция
|
| 610 |
1 |
|
|a дегазация
|
| 610 |
1 |
|
|a качество
|
| 610 |
1 |
|
|a схемы обработки
|
| 610 |
1 |
|
|a радиоактивные воды
|
| 610 |
1 |
|
|a ядерные энергетические установки
|
| 610 |
1 |
|
|a технологические схемы
|
| 610 |
1 |
|
|a водный режим
|
| 610 |
1 |
|
|a специальные водоочистные установки
|
| 610 |
1 |
|
|a водоподготовка
|
| 610 |
1 |
|
|a инженерные расчеты
|
| 610 |
1 |
|
|a учебные пособия
|
| 610 |
1 |
|
|a труды учёных ТПУ
|
| 675 |
|
|
|a 621.182.12(075.8)
|v 3
|
| 700 |
|
1 |
|a Любимова
|b Л. Л.
|g Людмила Леонидовна
|
| 701 |
|
1 |
|a Заворин
|b А. С.
|c специалист в области теплотехники
|c профессор Томского политехнического университета, доктор технических наук
|f 1946-
|g Александр Сергеевич
|2 stltpush
|3 (RuTPU)RU\TPU\pers\25896
|
| 701 |
|
1 |
|a Макеев
|b А. А.
|g Анатолий Анатольевич
|
| 712 |
0 |
2 |
|a Томский политехнический университет (ТПУ)
|c (1991- )
|2 stltpush
|3 (RuTPU)RU\TPU\col\376
|
| 801 |
|
1 |
|a RU
|b 63413507
|c 20100127
|
| 801 |
|
2 |
|a RU
|b 63413507
|c 20220623
|g RCR
|
| 900 |
|
|
|a Технология подготовки воды
|
| 900 |
|
|
|a Методы анализа природной и технологической воды
|
| 942 |
|
|
|c BK
|